Lei de execução fiscal : (Record no. 535)

MARC details
000 -LÍDER
Campo Fixo de Controle 00785nam a2200253 a 4500
001 - NÚMERO DE CONTROLE
Campo de Controle 535
003 - IDENTIFICAÇÃO DO NÚMERO DE CONTROLE
Campo de Controle BR-CuiBMT
005 - DATA E HORA DA ÚLTIMA ATUALIZAÇÃO
Campo de Controle 20231108213916.0
008 - DADOS FIXOS
Dados Fixos 231019s2009 spb 000 0 por d
020 ## - INTERNATIONAL STANDARD BOOK NUMBER
Nº do ISBN 9788502071803
040 ## - AGÊNCIA CATALOGADORA
Código da Agência Catalogadora BR-CuiBMT
Agência que transcreveu o registro BR-CuiBMT
080 ## - Nº DA CLASSIFICAÇÃO DECIMAL UNIVERSAL
Nº Class. CDU 347.952:336.22
Nº edição CDU 2007
090 ## - NÚMERO DE CHAMADA
Nº classificação 347.952:336.22
Cutter T388l
Ano/Edição 11. ed.
100 1# - ENTRADA PRINCIPAL -- AUTOR PESSOAL
Nome pessoal Theodoro Júnior, Humberto,
Datas associadas ao nome 1938-
245 10 - TÍTULO PRINCIPAL
Título principal Lei de execução fiscal :
Subtítulo comentários e jurisprudência /
Indicação de responsabilidade Humberto Theodoro Júnior.
250 ## - EDIÇÃO
Edição 11. ed.
260 ## - PUBLICAÇÃO, DISTRIBUIÇÃO, ETC.
Local de publicação São Paulo :
Editora Saraiva,
Data 2009
300 ## - DESCRIÇÃO FÍSICA
N. páginas ou volumes 657 p. ;
Dimensões xxx, 21 cm
504 ## - NOTA DE BIBLIOGRAFIA, ETC.
Nota de bibliografia Inclui bibliografia.
650 ## - ASSUNTO TÓPICO
Cabeçalho tópico ou nome geográfico Direito civil
Subdivisão geral Jurisprudência
Subdivisão geográfica Brasil
650 ## - ASSUNTO TÓPICO
Cabeçalho tópico ou nome geográfico Código de processo civil
650 ## - ASSUNTO TÓPICO
Cabeçalho tópico ou nome geográfico Lei de execução fiscal
942 ## - ELEMENTOS DE ENTRADA ADICIONAIS (KOHA)
Fonte de classificação ou esquema de arquivamento Classificação Decimal Universal
Tipo de item do Koha Livros
Holdings
Estado: removido Estado: perdido Fonte de classificação ou esquema de arquivamento Estado: danificado Indisponível para empréstimo Localização permanente Localização atual Data de aquisição Total Checkouts Número de Chamada completo Código de barras Date last seen Número do exemplar Preço efetivo a partir de Tipo de item (Koha)
    Classificação Decimal Universal     Biblioteca da Escola Superior de Contas do TCE/MT Biblioteca da Escola Superior de Contas do TCE/MT 17/10/2018   347.952:336.22 T388l 11. ed. BIBTCEMT23110310 08/11/2023 Ex. 1 08/11/2023 Livros

Powered by Koha